000 00932nam a2200229Ia 4500
003 Ost
005 20260507075409.0
008 260507s9999||||xx |||||||||||||| ||und||
040 _cfsecg
041 _aara
082 _a600
100 _aعبد العزيز، إيهاب فتحي
_eمؤلف
245 0 _aالشراء والإستلام والتخزين في المنشآت الفندقية /
_c إيهاب فتحي عبد العزيز
260 _aالإسكندرية:
_bمركز المهارات الفندقية,
_c2008
300 _a135 صفحة؛
_bإيضاحات ؛
_c24 سم
504 _aالمراجع ص.130
520 _aيضم ثلاث فصول فصل عن الشراء وفصل عن الإستلام وفصل عن التخزين في المنشآت الفندقية
653 _aالشراء والتخزين
653 _aالفنادق
653 _aالمنشآت السياحية
942 _cكتاب
999 _c44360
_d44360